000 00768nam a2200289Ia 4500
001 Z_4477
003 CHAP
008 220113s1983 xx 000 0 und d
010 _a167550
040 _cCHAP
090 _aFolleto 60
100 _aMéxico. Secretaria de Agricultura y Recursos Hidraúlicos
_9141791
245 _aInversión y acervo de capital predial agropecuario 1976-1981 /
_cpor SARH
260 _aMéxico, D. F. :
_bLa Secretaría,
_c1983
300 _a30 h + 21 cuadros
440 _aInvestigación 1-1983
_9141792
500 _a
503 _a
650 _aCapital en agricultura
_918710
650 _aInversiones
_960178
901 _aFolleto 60
902 _aA
910 _a1983
942 _cc14
942 _cc14
999 _c167550
_d167550